Introducing Windows 3.1 /

Gardado en:
Detalles Bibliográficos
Autor Principal: Krupa, Ron
Formato: Libro
Idioma:English
Publicado: Lower Plenty [Vic.] : Daybreak Publishing, 1992.
Series:Daybreak computer series.
Subjects:
LEADER 00960nam a2200277 a 4500
001 c000180631
003 CARM
005 19980211000000.0
008 920320s1992 vraa 001 0 eng d
019 1 |a 8890478  |5 LACONCORD2021 
020 |a 1875584056  |c $15.95 
035 |a (OCoLC)27626114  |5 LACONCORD2021 
040 |a ANB  |b eng  |c ANB  |d ANB:REV 
042 |a anuc 
082 0 4 |a 005.43  |2 20 
100 1 |a Krupa, Ron. 
245 1 0 |a Introducing Windows 3.1 /  |c Ron Krupa. 
246 3 |a Windows 3.1. 
260 |a Lower Plenty [Vic.] :  |b Daybreak Publishing,  |c 1992. 
300 |a ix, 126 p. :  |b ill. ;  |c 21 cm. 
440 0 |a Daybreak computer series. 
500 |a Includes index. 
630 0 0 |a Microsoft Windows (Computer file) 
852 8 |b CARM  |h A2:AK04B0  |i B05421  |p 0243176  |f BK 
999 f f |i e69d9e97-694b-5e01-bb36-90f7411919a2  |s 1c6730cb-210c-5277-ac18-9cf5ef798297 
952 f f |p Can circulate  |a CAVAL  |b CAVAL  |c CAVAL  |d CARM 1 Store  |e B05421  |f A2:AK04B0  |h Other scheme  |i book  |m 0243176